000
00296nam a22001337a 4500
008
170519b xxu||||| |||| 00| 0 eng d
020
_a
2781891487900
041
_a
eng
080
_a
94
100
_a
16
101
_a
SHH
245
_a
CONTROVERSAL RELATIONSHIP
_c
COLEMAN.M
942
_2
udc
_c
BK
999
_c
13553
_d
13553